000 01483nam a2200289 i 4500
003 SA-RiAUC
005 20260221114011.0
008 260203s1913 su g 00000bara c
040 _aSA-RiKSU
_bara
_cSA-RiAUC
_erda
082 0 4 _a239.7
090 _aم ن 239.7
_bا م ي
100 1 _aأمين الزرعة، محمد تقي الدين بن عمر بن عبد القادر
_eمؤلف.
245 1 0 _aدرة العقد الثمين في بعض مناقب السيدة ميمونة أم المؤمنين /
_cمحمد تقي الدين بن عمر بن عبد القادر أمين الزرعة. ذيلها قصيدة مشاهدة أهل البيت / زين العابدين عبد الشكور.
264 1 _a[مكان النشر غير محدد] :
_b[الناشر غير محدد]،
_c[1913]
264 3 _aمكة المكرمة :
_bمطبعة الترقي الماجدية
300 _a31 صفحة ؛
_c29 سم
336 _aنص
_btxt
_2rdacontent
_3كتاب
337 _aبدون وسيط
_bn
_2rdamedia
338 _aمجلد
_bnc
_2rdacarrier
600 0 7 _aميمونة بنت الحارث بن حزن،
_dتوفي 51 هجري
_2aucnm
650 7 _aزوجات النبي
_2aucsh
650 7 _aأهل بيت الرسول
_2aucsh
700 1 2 _aعبد الشكور، زين العابدين
_tقصيدة مشاهدة أهل البيت.
740 0 2 _aقصيدة مشاهدة أهل البيت.
942 _2ddc
_cRBOOK COPY
_n0
949 _aSA-JeALM
_d260203
_umohamedma123
_n1
999 _c14424
_d14424